[Event "Thessaloniki White Tower op-C 41th"]
[Site "Thessaloniki"]
[Date "2019.01.05"]
[Round "3.27"]
[White "Kyriazakos, Athanasios"]
[Black "Xenidis, Marios"]
[Result "1-0"]
[WhiteElo "1029"]
[BlackElo "1000"]
[PlyCount "79"]
[EventDate "2019.01.02"]
[EventType "swiss"]
[EventRounds "6"]
[EventCountry "GRE"]
[SourceTitle "EXT 2024"]
[Source "ChessBase"]
[SourceDate "2023.10.10"]
[SourceVersion "1"]
[SourceVersionDate "2023.10.10"]
[SourceQuality "1"]

1. d4 d5 2. Bf4 Nc6 3. e3 Nf6 4. Bd3 Bf5 5. Bxf5 e6 6. Bd3 a6 7. Nf3 Bd6 8. Bg3 0-0 9. Nc3 Bb4 10. Rb1 Bd6 11. e4 Nxd4 12. Nxd4 Bxg3 13. hxg3 e5 14. Nf3 dxe4 15. Bxe4 Nxe4 16. Nxe4 Qxd1+ 17. Rxd1 Rad8 18. Ke2 Rde8 19. Rd7 Rc8 20. Nfg5 Rfd8 21. Rxd8+ Rxd8 22. Rd1 Rd4 23. Rxd4 exd4 24. Kd3 b5 25. Kxd4 a5 26. Kc5 b4 27. Kb5 c5 28. Nxc5 f6 29. Nf3 g5 30. Kxa5 Kg7 31. Kxb4 Kg6 32. a4 h5 33. a5 h4 34. gxh4 g4 35. a6 f5 36. a7 gxf3 37. gxf3 f4 38. a8Q Kh6 39. Qg8 Kh5 40. Qg5# 1-0

[Event "Thessaloniki White Tower op-C 41th"]
[Site "Thessaloniki"]
[Date "2019.01.03"]
[Round "2.27"]
[White "Kiourtzidis, Anastasios Stanisla"]
[Black "Kyriazakos, Athanasios"]
[Result "0-1"]
[WhiteElo "1000"]
[BlackElo "1029"]
[PlyCount "118"]
[EventDate "2019.01.02"]
[EventType "swiss"]
[EventRounds "6"]
[EventCountry "GRE"]
[SourceTitle "EXT 2024"]
[Source "ChessBase"]
[SourceDate "2023.10.10"]
[SourceVersion "1"]
[SourceVersionDate "2023.10.10"]
[SourceQuality "1"]

1. d4 d5 2. Bf4 Nf6 3. Nc3 Bf5 4. Nb5 Na6 5. Nf3 c6 6. Nh4 Bg6 7. Nc3 e6 8. Be5 Be7 9. e3 Nb8 10. Nxg6 hxg6 11. Bd3 Nbd7 12. Bxf6 Nxf6 13. 0-0 Bd6 14. Re1 Bxh2+ 15. Kf1 Bc7 16. Qf3 Qd7 17. b3 Ba5 18. Rab1 Bxc3 19. Red1 Ba5 20. b4 Bc7 21. Ke2 Kf8 22. a3 Bd6 23. Rh1 Ke7 24. Rhg1 a5 25. c3 axb4 26. axb4 b5 27. g3 Ra2+ 28. Kd1 Qa7 29. e4 dxe4 30. Bxe4 Nxe4 31. Qxe4 Qa8 32. Qe3 Ke8 33. Rf1 Ra1 34. Rxa1 Qxa1+ 35. Ke2 Qa2+ 36. Kf3 Qd5+ 37. Ke2 Qc4+ 38. Ke1 Kd7 39. g4 Ra8 40. Qe2 Qxc3+ 41. Qd2 Ra1+ 42. Ke2 Qxd2+ 43. Kxd2 Rxf1 44. Ke2 Rb1 45. f3 Rxb4 46. Ke3 Rb1 47. Kd3 Rc1 48. Kd2 Bf4+ 49. Kd3 b4 50. Ke4 b3 51. Kxf4 b2 52. Ke5 f6+ 53. Kf4 b1Q 54. g5 Qf5+ 55. Ke3 Rc3+ 56. Kd2 Qd3+ 57. Ke1 Qc2 58. f4 Rb3 59. Kf1 Rb1# 0-1